[Event "Foxwoods op"]
[Site "Ledyard"]
[Date "2009.04.09"]
[Round "2"]
[White "Charbonneau, Pascal"]
[Black "Mac Intyre, Paul"]
[Result "1-0"]
[WhiteElo "2505"]
[BlackElo "2290"]
[PlyCount "66"]
[EventDate "2009.04.08"]
[EventType "swiss"]
[EventRounds "9"]
[EventCountry "USA"]
[SourceTitle "CBM 129 Extra"]
[Source "ChessBase"]
[SourceDate "2009.05.05"]
[SourceVersion "2"]
[SourceVersionDate "2009.05.20"]
[SourceQuality "1"]

1. e4 e5 2. Nf3 Nc6 3. Nc3 Nf6 4. g3 g6 5. Bg2 Bg7 6. 0-0 0-0 7. d3 d6 8. Ng5 h6 9. Nh3 Be6 10. f4 Bg4 11. Qd2 Nd4 12. Kh1 c6 13. Nd1 Qd7 14. Ng1 exf4 15. gxf4 Nh5 16. c3 Ne6 17. f5 gxf5 18. Ne3 Ng5 19. Nxf5 d5 20. Nxg7 Nxg7 21. exd5 cxd5 22. Qf2 Bf5 23. h4 N5e6 24. Bxh6 Bxd3 25. Rfd1 Qb5 26. a4 Qc4 27. b3 Qa6 28. Qg3 Bg6 29. Rxd5 Rfd8 30. Rad1 Nf5 31. Rxf5 Rxd1 32. h5 Qb6 33. Rf2 Kh7 1-0

[Event "Eastern Class-ch"]
[Site "Sturbridge"]
[Date "2009.03.08"]
[Round "4"]
[White "Mac Intyre, Paul"]
[Black "Mandizha, Farai"]
[Result "1-0"]
[WhiteElo "2281"]
[BlackElo "2332"]
[PlyCount "79"]
[EventDate "2009.03.06"]
[EventType "swiss"]
[EventRounds "5"]
[EventCountry "USA"]
[SourceTitle "CBM 129 Extra"]
[Source "ChessBase"]
[SourceDate "2009.05.05"]
[SourceVersion "2"]
[SourceVersionDate "2009.05.20"]
[SourceQuality "1"]

1. e4 e6 2. d4 d5 3. Nc3 Bb4 4. e5 c5 5. a3 Bxc3+ 6. bxc3 Qa5 7. Bd2 Qa4 8. Qb1 c4 9. h4 Nc6 10. h5 h6 11. Be2 Nge7 12. Nf3 Bd7 13. Ra2 0-0-0 14. Rb2 b6 15. 0-0 Rdg8 16. Nh2 Qa5 17. Rb5 Qa4 18. Rb2 Kb8 19. Kh1 Ka8 20. Bf3 Bc8 21. Ng4 Bb7 22. Ne3 Rc8 23. g3 Rhf8 24. Bg2 Ng8 25. f4 f5 26. Bh3 Nge7 27. g4 Qa5 28. Rb5 Qxa3 29. Rb2 Qa6 30. gxf5 Nxf5 31. Nxf5 exf5 32. Ra2 Na5 33. Rg1 Rc7 34. Bc1 Bc8 35. Ba3 Rff7 36. Bd6 Rc6 37. Rg6 Qb7 38. Bg2 Qd7 39. Rxa5 Bb7 40. e6 1-0

[Event "USA-chT Amateur East"]
[Site "Parsipanny"]
[Date "2009.02.14"]
[Round "2"]
[White "Hess, Robert L"]
[Black "Mac Intyre, Paul"]
[Result "1-0"]
[WhiteElo "2483"]
[BlackElo "2281"]
[PlyCount "75"]
[EventDate "2009.02.14"]
[EventType "team-tourn"]
[EventRounds "6"]
[EventCountry "USA"]
[SourceTitle "CBM 129 Extra"]
[Source "ChessBase"]
[SourceDate "2009.05.05"]
[SourceVersion "2"]
[SourceVersionDate "2009.05.20"]
[SourceQuality "1"]

1. e4 e5 2. Nf3 Nc6 3. Bb5 a6 4. Ba4 Nf6 5. Qe2 b5 6. Bb3 Bc5 7. c3 d6 8. d3 Bb6 9. Be3 0-0 10. Bxb6 cxb6 11. Nbd2 Ra7 12. 0-0 Na5 13. Bc2 Nh5 14. Qe3 f5 15. d4 f4 16. Qd3 Rd7 17. b4 Nc6 18. a4 Na7 19. axb5 Nxb5 20. Ba4 g5 21. c4 g4 22. cxb5 gxf3 23. Qxf3 Rg7 24. Bd1 Qg5 25. bxa6 exd4 26. Nc4 Nf6 27. a7 Bg4 28. a8Q Bxf3 29. Bxf3 Rxa8 30. Rxa8+ Kf7 31. Nxd6+ Ke6 32. Nf5 Rd7 33. h4 Qg6 34. Rc1 Qf7 35. Rc6+ Ke5 36. Rxb6 Nxe4 37. Nh6 Qe7 38. Ra5+ 1-0

[Event "New England Masters"]
[Site "Pawtucket"]
[Date "2008.08.15"]
[Round "7"]
[White "Mac Intyre, Paul"]
[Black "Kazmaier, Daniel"]
[Result "1-0"]
[WhiteElo "2290"]
[BlackElo "2134"]
[PlyCount "103"]
[EventDate "2008.08.11"]
[EventType "swiss"]
[EventRounds "9"]
[EventCountry "USA"]
[SourceTitle "CBM 125 Extra"]
[Source "ChessBase"]
[SourceDate "2008.09.01"]
[SourceVersion "1"]
[SourceVersionDate "2008.09.01"]
[SourceQuality "1"]

1. e4 e6 2. d4 d5 3. Nc3 Bb4 4. e5 c5 5. a3 Bxc3+ 6. bxc3 Qa5 7. Bd2 Qa4 8. Qb1 c4 9. f4 Nc6 10. Nf3 Bd7 11. g3 0-0-0 12. Bg2 h5 13. Ng5 Nh6 14. f5 Qa5 15. fxe6 Bxe6 16. 0-0 Bf5 17. Rxf5 Nxf5 18. Bh3 g6 19. Nxf7 Ncxd4 20. Qd1 Ne6 21. Nxh8 Rxh8 22. Bxf5 gxf5 23. Qf3 Rf8 24. Qxh5 Qc5+ 25. Kg2 d4 26. Re1 dxc3 27. Be3 Qxe5 28. Bf2 Qd6 29. Qe2 Qc6+ 30. Qf3 Qxf3+ 31. Kxf3 Ng5+ 32. Kf4 Nh3+ 33. Kf3 b6 34. Be3 Re8 35. Rd1 Re5 36. Rd4 b5 37. Rh4 a5 38. Rxh3 b4 39. axb4 axb4 40. Rh4 Re4 41. Rxe4 fxe4+ 42. Ke2 b3 43. cxb3 cxb3 44. Kd1 Kd7 45. Bd4 c2+ 46. Kd2 Ke6 47. Bb2 Kf5 48. Ke3 Kg4 49. Kxe4 Kh3 50. Kf3 Kxh2 51. g4 Kg1 52. Ke2 1-0

[Event "New England Masters"]
[Site "Pawtucket"]
[Date "2008.08.13"]
[Round "5"]
[White "Jiang, Louie"]
[Black "Mac Intyre, Paul"]
[Result "1/2-1/2"]
[WhiteElo "2135"]
[BlackElo "2290"]
[PlyCount "70"]
[EventDate "2008.08.11"]
[EventType "swiss"]
[EventRounds "9"]
[EventCountry "USA"]
[SourceTitle "CBM 125 Extra"]
[Source "ChessBase"]
[SourceDate "2008.09.01"]
[SourceVersion "1"]
[SourceVersionDate "2008.09.01"]
[SourceQuality "1"]

1. e4 e5 2. Nf3 Nc6 3. Bb5 a6 4. Ba4 Nf6 5. 0-0 Nxe4 6. d4 b5 7. Bb3 d5 8. dxe5 Be6 9. c3 Be7 10. Re1 Qd7 11. Nd4 Rd8 12. Bc2 Nxd4 13. cxd4 Bf5 14. Nd2 Nxd2 15. Bxd2 c5 16. dxc5 Bxc5 17. Rc1 Bg4 18. e6 Bxe6 19. Bf5 Qa7 20. Qh5 Bxf2+ 21. Kh1 Bxe1 22. Rxe1 g6 23. Bxg6 fxg6 24. Rxe6+ Kf7 25. Qe5 Rhe8 26. Bc3 d4 27. Qf6+ Kg8 28. Bxd4 Qxd4 29. Rxe8+ Rxe8 30. Qxd4 Re1+ 31. Qg1 Rxg1+ 32. Kxg1 Kf7 33. Kf2 Kf6 34. b4 Ke5 35. Ke3 Kd5 1/2-1/2

[Event "New England Masters"]
[Site "Pawtucket"]
[Date "2008.08.11"]
[Round "1"]
[White "Gareyev, Timur"]
[Black "Mac Intyre, Paul"]
[Result "1-0"]
[WhiteElo "2570"]
[BlackElo "2290"]
[PlyCount "89"]
[EventDate "2008.08.11"]
[EventType "swiss"]
[EventRounds "9"]
[EventCountry "USA"]
[SourceTitle "CBM 125 Extra"]
[Source "ChessBase"]
[SourceDate "2008.09.01"]
[SourceVersion "1"]
[SourceVersionDate "2008.09.01"]
[SourceQuality "1"]

1. Nf3 Nf6 2. c4 e6 3. Nc3 d5 4. d4 c5 5. Bf4 cxd4 6. Nxd4 Be7 7. Ndb5 Na6 8. e3 0-0 9. cxd5 exd5 10. Be2 Be6 11. 0-0 Nc5 12. Rc1 a6 13. Nd4 Qb6 14. Na4 Nxa4 15. Qxa4 Rac8 16. Qb3 Bc5 17. Rxc5 Qxc5 18. Qxb7 Ra8 19. Be5 Qa7 20. Qxa7 Rxa7 21. Bxf6 gxf6 22. Rd1 Rc8 23. Kf1 Kf8 24. Ke1 Rc5 25. Bd3 h6 26. Kd2 Rb7 27. Rb1 Rb6 28. b4 Rc8 29. a4 Rcb8 30. Kc3 Bd7 31. a5 Rd6 32. Kb3 Rc8 33. h4 Ke7 34. g3 Kd8 35. Kb2 Rb8 36. Kb3 Rc8 37. Kb2 Rb8 38. Kc3 Rc8+ 39. Kd2 Rb8 40. f3 Rb7 41. g4 Kc8 42. h5 Kb8 43. Ke2 Ka7 44. Kf2 Be6 45. b5 1-0

[Event "New York Marshall CC op 1st"]
[Site "New York"]
[Date "2008.06.21"]
[Round "2"]
[White "Mac Intyre, Paul"]
[Black "Ramirez Alvarez, Alejandro"]
[Result "0-1"]
[WhiteElo "2291"]
[BlackElo "2527"]
[PlyCount "66"]
[EventDate "2008.06.21"]
[EventType "swiss"]
[EventRounds "9"]
[EventCountry "USA"]
[SourceTitle "CBM 124 Extra"]
[Source "ChessBase"]
[SourceDate "2008.07.03"]
[SourceVersion "1"]
[SourceVersionDate "2008.07.03"]
[SourceQuality "1"]

1. e4 Nf6 2. e5 Nd5 3. d4 d6 4. c4 Nb6 5. exd6 exd6 6. Bd3 Be7 7. Ne2 0-0 8. 0-0 Nc6 9. Nbc3 Re8 10. Be3 Nb4 11. d5 Bf6 12. Rc1 Bg4 13. a3 Nxd3 14. Qxd3 Nd7 15. Bd4 Ne5 16. Bxe5 Bxe5 17. Ng3 Qh4 18. f4 Bf6 19. b4 a5 20. b5 Bd7 21. Nce4 Be7 22. Rce1 f5 23. Nd2 g6 24. Nf3 Qxf4 25. Ne5 Qxe5 26. Rxe5 dxe5 27. d6 Bxd6 28. Qd2 Be6 29. Qh6 Bc5+ 30. Kh1 Bf8 31. Qg5 Rad8 32. h4 Be7 33. Qh6 Rd4 0-1

[Event "Foxwoods op 10th"]
[Site "Ledyard"]
[Date "2008.03.22"]
[Round "6"]
[White "Vigorito, David"]
[Black "Mac Intyre, Paul"]
[Result "1-0"]
[WhiteElo "2406"]
[BlackElo "2299"]
[PlyCount "77"]
[EventDate "2008.03.19"]
[EventType "swiss"]
[EventRounds "9"]
[EventCountry "USA"]
[SourceTitle "CBM 123 Extra"]
[Source "ChessBase"]
[SourceDate "2008.05.06"]
[SourceVersion "1"]
[SourceVersionDate "2008.05.06"]
[SourceQuality "1"]

1. c4 e5 2. Nc3 Nf6 3. Nf3 d6 4. d4 Nbd7 5. e4 Be7 6. Be2 0-0 7. 0-0 Re8 8. Re1 Bf8 9. Bf1 c6 10. d5 c5 11. a3 Nh5 12. g3 g6 13. Qc2 Be7 14. Bh6 Ng7 15. b4 b6 16. h3 Rf8 17. Bg2 Kh8 18. Rad1 Nf6 19. Be3 Nfe8 20. Qc1 Bd7 21. Nh2 cxb4 22. axb4 Qc8 23. Nb5 Bxh3 24. c5 bxc5 25. bxc5 Bxg2 26. Kxg2 a6 27. Na7 Qc7 28. Nc6 dxc5 29. Nxe7 Qxe7 30. Bxc5 Nd6 31. Qa3 Rfd8 32. f4 f6 33. Nf3 Rac8 34. Re2 Rd7 35. fxe5 fxe5 36. Rf2 Ra8 37. Qa1 Re8 38. Nxe5 Kg8 39. Nxd7 1-0

[Event "Eastern Class-ch"]
[Site "Sturbridge"]
[Date "2007.03.10"]
[Round "3"]
[White "Sarkar, Justin"]
[Black "Mac Intyre, Paul"]
[Result "1-0"]
[WhiteElo "2405"]
[BlackElo "2301"]
[PlyCount "61"]
[EventDate "2007.03.09"]
[EventType "swiss"]
[EventRounds "5"]
[EventCountry "USA"]
[SourceTitle "CBM 117 Extra"]
[Source "ChessBase"]
[SourceDate "2007.05.09"]
[SourceVersion "1"]
[SourceVersionDate "2007.05.09"]
[SourceQuality "1"]

1. Nf3 Nf6 2. c4 g6 3. Nc3 Bg7 4. e4 d6 5. Be2 0-0 6. 0-0 e5 7. d4 Nc6 8. d5 Ne7 9. b4 c6 10. Nd2 a5 11. bxa5 Qxa5 12. Bb2 c5 13. a4 Ne8 14. Ra3 f5 15. exf5 gxf5 16. f4 Ng6 17. fxe5 Nxe5 18. Qc2 Nf6 19. Nb5 Qd8 20. Nf3 Nfg4 21. Nxe5 Nxe5 22. Rh3 Bd7 23. Bd3 Nxd3 24. Bxg7 Kxg7 25. Qxd3 Qf6 26. Qg3+ Kh8 27. Qxd6 Qxd6 28. Nxd6 Rxa4 29. Rb3 Rb8 30. Re1 Ra6 31. Rxb7 1-0

[Event "USA-chT Amateur East"]
[Site "Parsippany"]
[Date "2005.03.19"]
[Round "2"]
[White "Mac Intyre, Paul"]
[Black "Bisguier, Arthur Bernard"]
[Result "0-1"]
[WhiteElo "2262"]
[BlackElo "2265"]
[PlyCount "106"]
[EventDate "2005.03.19"]
[EventType "team"]
[EventRounds "6"]
[EventCountry "USA"]
[SourceTitle "CBM 105 Extra"]
[Source "ChessBase"]
[SourceDate "2005.05.01"]
[SourceVersion "1"]
[SourceVersionDate "2005.05.01"]
[SourceQuality "1"]

1. e4 e5 2. Nf3 Nc6 3. Bc4 Nf6 4. d4 exd4 5. e5 Ng4 6. 0-0 d6 7. e6 fxe6 8. Ng5 Nge5 9. Bxe6 Bxe6 10. Nxe6 Qd7 11. Nxd4 0-0-0 12. Nc3 Be7 13. Nd5 Rde8 14. Be3 Kb8 15. Nxc6+ Nxc6 16. b4 Bf6 17. Rb1 Ne5 18. a4 Qg4 19. f3 Qc4 20. b5 Qxa4 21. Nxf6 gxf6 22. Ra1 Qxb5 23. Bxa7+ Kc8 24. Bd4 Rhg8 25. Qd2 Qd5 26. Qc3 Kd7 27. Rad1 Qc6 28. Bxe5 Rxe5 29. Qd3 Rg7 30. Kh1 Qc5 31. Rde1 Rge7 32. Rxe5 Qxe5 33. h3 f5 34. Rb1 f4 35. Kh2 Qg5 36. Kh1 h5 37. Kg1 h4 38. Kf1 Qe5 39. Qb5+ Qxb5+ 40. Rxb5 c5 41. Rxb7+ Ke6 42. Rb8 Kd5 43. Rf8 Kd4 44. Rxf4+ Kc3 45. Re4 Rxe4 46. fxe4 Kxc2 47. g4 hxg3 48. h4 Kd3 49. h5 c4 50. h6 c3 51. h7 c2 52. Kg2 c1Q 53. h8Q Qe3 0-1

[Event "Foxwoods op 06th"]
[Site "Connecticut"]
[Date "2004.04.08"]
[Round "3"]
[White "Mac Intyre, Paul"]
[Black "MacArthur, John"]
[Result "1-0"]
[WhiteElo "2262"]
[BlackElo "2164"]
[PlyCount "43"]
[EventDate "2004.04.07"]
[EventType "swiss"]
[EventRounds "9"]
[EventCountry "USA"]
[SourceTitle "CBM 099 Extra"]
[Source "ChessBase"]
[SourceDate "2004.05.04"]
[SourceVersion "1"]
[SourceVersionDate "2004.05.04"]
[SourceQuality "1"]

1. e4 c6 2. d4 d5 3. f3 g6 4. Nc3 Bg7 5. Be3 Nf6 6. e5 Nfd7 7. Qd2 f6 8. Bh6 0-0 9. Bxg7 Kxg7 10. h4 fxe5 11. h5 exd4 12. hxg6 hxg6 13. Qh6+ Kf7 14. Qh7+ Kf6 15. Nce2 e5 16. Rh6 Qe8 17. Ng3 Nc5 18. Nh5+ Kg5 19. g4 gxh5 20. Rxh5+ Kf6 21. Rh6+ Kg5 22. Nh3# 1-0

[Event "Northeast Summer Getaway"]
[Site "Lowell"]
[Date "2003.08.16"]
[Round "1"]
[White "Mac Intyre, Paul"]
[Black "Williams, Christopher"]
[Result "1-0"]
[WhiteElo "2340"]
[BlackElo "1988"]
[PlyCount "75"]
[EventDate "2003.??.??"]
[EventType "swiss"]
[EventRounds "5"]
[EventCountry "USA"]
[SourceTitle "EXT 2005"]
[Source "ChessBase"]
[SourceDate "2004.11.15"]
[SourceVersion "1"]
[SourceVersionDate "2004.11.15"]
[SourceQuality "1"]

1. Nf3 Nf6 2. g3 g6 3. Bg2 Bg7 4. 0-0 0-0 5. d3 d5 6. c4 dxc4 7. dxc4 Nc6 8. Nc3 e5 9. Bg5 h6 10. Qxd8 Rxd8 11. Bxf6 Bxf6 12. Nd5 Bg7 13. Nxc7 Rb8 14. Rad1 Bg4 15. h3 Bxf3 16. Bxf3 Nd4 17. b3 a6 18. Kg2 Rd7 19. Nd5 f5 20. e3 Nxf3 21. Kxf3 e4+ 22. Ke2 Rbd8 23. Nf4 Rxd1 24. Rxd1 Rxd1 25. Kxd1 Kf7 26. Kc2 g5 27. Ne2 Ke6 28. b4 Bf8 29. Kb3 Ke5 30. c5 h5 31. Kc4 Bh6 32. a4 h4 33. gxh4 gxh4 34. b5 axb5+ 35. axb5 Bf8 36. Nf4 Bh6 37. Ng6+ Ke6 38. Nxh4 1-0

[Event "World op 31st"]
[Site "Philadelphia"]
[Date "2003.07.02"]
[Round "3"]
[White "Mac Intyre, Paul"]
[Black "Kiewra, Keaton F"]
[Result "0-1"]
[WhiteElo "2296"]
[BlackElo "2229"]
[PlyCount "74"]
[EventDate "2003.06.30"]
[EventType "swiss"]
[EventRounds "9"]
[EventCountry "USA"]
[SourceTitle "EXT 2004"]
[Source "ChessBase"]
[SourceDate "2003.11.25"]
[SourceVersion "1"]
[SourceVersionDate "2003.11.25"]
[SourceQuality "1"]

1. e4 c5 2. Nf3 d6 3. d4 Nf6 4. Nc3 cxd4 5. Nxd4 g6 6. Be3 Bg7 7. f3 Nc6 8. Qd2 0-0 9. Bc4 Bd7 10. h4 Rb8 11. h5 Nxd4 12. Bxd4 b5 13. Bb3 a5 14. hxg6 hxg6 15. Bxf6 exf6 16. Qxd6 a4 17. Bd5 b4 18. Ne2 Rb6 19. Qh2 Re8 20. 0-0-0 f5 21. Nd4 Qf6 22. Qh4 g5 23. Qh5 Rd6 24. c4 bxc3 25. bxc3 Qe7 26. Qh7+ Kf8 27. Nxf5 Bxf5 28. Qxf5 Rf6 29. Qxg5 Qa3+ 30. Kc2 Rc6 31. Rd3 Rxc3+ 32. Rxc3 Qxc3+ 33. Kd1 Rb8 34. Qf4 Rb1+ 35. Ke2 Qb2+ 36. Kd3 Qd4+ 37. Ke2 Rb2+ 0-1

[Event "Windsor Bradley op 7th"]
[Site "Windsor Locks"]
[Date "2002.07.21"]
[Round "5"]
[White "Glinert, Stephen"]
[Black "Mac Intyre, Paul"]
[Result "1-0"]
[WhiteElo "2404"]
[BlackElo "2309"]
[PlyCount "45"]
[EventDate "2002.07.??"]
[EventType "swiss"]
[EventRounds "5"]
[EventCountry "USA"]
[SourceTitle "EXT 2005"]
[Source "ChessBase"]
[SourceDate "2004.11.15"]
[SourceVersion "1"]
[SourceVersionDate "2004.11.15"]
[SourceQuality "1"]

1. e4 e5 2. Nf3 Nc6 3. d4 exd4 4. Nxd4 Nf6 5. Nxc6 bxc6 6. Qd4 Be7 7. Nc3 d6 8. Bg5 0-0 9. 0-0-0 Be6 10. f4 Qb8 11. f5 Bc8 12. e5 dxe5 13. Qxe5 Bd6 14. Qd4 Nd7 15. Bf4 Be7 16. Ne4 Nf6 17. Be5 Nxe4 18. Qxe4 f6 19. Bc3 Bd6 20. Bc4+ Kh8 21. Rd3 Qb6 22. Rh3 g5 23. Qe8 1-0

[Event "World op 30th"]
[Site "Philadelphia"]
[Date "2002.06.30"]
[Round "2"]
[White "Mac Intyre, Paul"]
[Black "Finegold, Benjamin"]
[Result "1/2-1/2"]
[WhiteElo "2252"]
[BlackElo "2527"]
[PlyCount "74"]
[EventDate "2002.06.29"]
[EventType "swiss"]
[EventRounds "9"]
[EventCountry "USA"]
[SourceTitle "CBM 089 Extra"]
[Source "ChessBase"]
[SourceDate "2002.09.10"]
[SourceVersion "2"]
[SourceVersionDate "2002.09.10"]
[SourceQuality "1"]

1. e4 c5 2. Nf3 Nc6 3. g3 g6 4. Bg2 Bg7 5. 0-0 d6 6. c3 e5 7. d3 Nge7 8. a3 a5 9. a4 h6 10. Na3 Be6 11. Nd2 0-0 12. Ndc4 f5 13. Bh3 d5 14. Ne3 Qd7 15. f3 Rad8 16. Qe2 d4 17. Nec4 dxc3 18. bxc3 Qxd3 19. Qxd3 Rxd3 20. Bd2 Rfd8 21. Rf2 Nc8 22. Bf1 R3d7 23. Be3 Rd1 24. Rxd1 Rxd1 25. Kg2 Bf8 26. Rb2 Rd7 27. Kf2 h5 28. Ke1 Kf7 29. Nb6 Nxb6 30. Rxb6 Be7 31. Nc4 Rc7 32. Rb5 Bd7 33. Nxa5 Nxa5 34. Rxa5 fxe4 35. Bc4+ Be6 36. Bxe6+ Kxe6 37. fxe4 Kd7 1/2-1/2

[Event "Massachusets op 71st"]
[Site "Marlboro"]
[Date "2002.05.26"]
[Round "3"]
[White "Mac Intyre, Paul"]
[Black "Ivanov, Alexander"]
[Result "1/2-1/2"]
[WhiteElo "2313"]
[BlackElo "2666"]
[PlyCount "40"]
[EventDate "2002.05.??"]
[EventType "swiss"]
[EventRounds "6"]
[EventCountry "USA"]
[SourceTitle "EXT 2005"]
[Source "ChessBase"]
[SourceDate "2004.11.15"]
[SourceVersion "1"]
[SourceVersionDate "2004.11.15"]
[SourceQuality "1"]

1. Nf3 g6 2. g3 Bg7 3. Bg2 e5 4. d3 Ne7 5. 0-0 0-0 6. c4 d6 7. Nc3 h6 8. e4 f5 9. d4 Nbc6 10. dxe5 dxe5 11. Qxd8 Rxd8 12. Nd5 Nxd5 13. exd5 Nb8 14. Rd1 a5 15. Ne1 Bd7 16. Be3 e4 17. Rd2 b6 18. f3 a4 19. a3 Na6 20. fxe4 fxe4 1/2-1/2